000 00236nam a22001097a 4500
082 _a621.4362 PUR
100 _aPURDAY.H.F.P
_957238
245 _aDIESEL ENGINE DESIGNING
260 _aBOMBAY
_bPDF
_c1962
300 _a425P
942 _cBK
999 _c567529
_d567529